00909nam a22002297a 450000500170000001000130001702000100003003500130004003700160005308200110006924500560008026000350013627000600017130000280023165000340025965000310029370000250032494200200034999900190036995201330038895201580052120170124110129.0 aA-751502 c00.00 aA-751502 bCen Lib/Ret aSbLOV aLove stories from the raj /cedited by Pran Nevile  aNew DelhibPenguin housec1995 bNew Delhia210, Chiranjiv tower, 43 Nehru placee110019 axxiii,183p. :c19cm(Hb) aLiterature -- Fiction 978410 aHindi Short stories929625 aNevile, Pran 931939 2ddccENhSmLOV c131488d131488 00104070aLbLd2015-07-15eCen Lib/Retg0.00l1m2oS LOVpA-751502r2025-06-11 00:00:00s2025-05-19t1v0.00w2015-07-15yEN 04104070aLbLd2015-07-15eCen Lib/Retg0.00l0oS LOVpA-751503r2015-07-15 00:00:00t1v0.00w2015-07-15yENzW/d List No. 6864/21 ; dtd 08/08/2020